Tilastot visalle Suomen kunnat kartalla

Klikkaa tästä pelataksesi tätä visaa!

Yleistilastot

  • Tätä visaa on pelattu 36 285 kertaa
    (12 015 viimeisimmän päivityksen jälkeen)
  • Keskiarvotulos 163 / 309

Vastaukset kartalla

Vastauksille on annettu kartalla punavihreä väri sen mukaan, kuinka moni on saanut sen oikein.
Ladataan ...
 

Vastaustilastot

Kunta% Oikein
Helsinki
94%
Oulu
93%
Turku
92%
Tampere
91%
Espoo
91%
Vantaa
91%
Rovaniemi
91%
Jyväskylä
88%
Pori
88%
Vaasa
87%
Ii
87%
Kuopio
86%
Kemi
86%
Joensuu
85%
Lappeenranta
84%
Inari
84%
Lahti
84%
Hämeenlinna
82%
Tornio
82%
Kotka
82%
Kouvola
81%
Maarianhamina
81%
Kuusamo
80%
Hanko
80%
Porvoo
80%
Utsjoki
80%
Seinäjoki
79%
Kokkola
79%
Mikkeli
79%
Kajaani
78%
Rauma
77%
Savonlinna
76%
Imatra
75%
Enontekiö
74%
Kittilä
74%
Salo
73%
Kauniainen
73%
Hamina
72%
Sodankylä
72%
Salla
71%
Naantali
70%
Iisalmi
70%
Kerava
69%
Hyvinkää
68%
Riihimäki
68%
Järvenpää
67%
Muonio
67%
Kemijärvi
67%
Nokia
67%
Sipoo
66%
Jämsä
66%
Kirkkonummi
66%
Lohja
66%
Kalajoki
66%
Kolari
65%
Ranua
65%
Raahe
65%
Kuhmo
64%
Ylitornio
64%
Uusikaupunki
64%
Heinola
64%
Forssa
64%
Lapua
63%
Varkaus
63%
Pello
62%
Akaa
62%
Kempele
62%
Ilomantsi
62%
Tuusula
61%
Lieksa
61%
Loviisa
61%
Sotkamo
61%
Karkkila
61%
Ähtäri
60%
Hailuoto
60%
Keuruu
60%
Raasepori
60%
Ylivieska
60%
Lempäälä
60%
Orivesi
60%
Kristiinankaupunki
59%
Sastamala
59%
Hollola
59%
Loimaa
59%
Simo
59%
Pietarsaari
59%
Äänekoski
59%
Alavus
59%
Ylöjärvi
58%
Nurmijärvi
58%
Keminmaa
58%
Orimattila
58%
Eura
58%
Vihti
58%
Kitee
57%
Savukoski
57%
Posio
57%
Virrat
57%
Mäntsälä
57%
Kauhava
57%
Suomussalmi
57%
Kaarina
57%
Kangasala
56%
Nurmes
56%
Raisio
56%
Siilinjärvi
56%
Pudasjärvi
56%
Tervo
55%
Kauhajoki
55%
Oulainen
55%
Pirkkala
54%
Pieksämäki
54%
Inkoo
54%
Alajärvi
54%
Närpiö
54%
Haapajärvi
53%
Juva
53%
Valkeakoski
53%
Haapavesi
53%
Pihtipudas
53%
Parkano
52%
Alavieska
52%
Parainen
52%
Asikkala
52%
Suonenjoki
52%
Muhos
52%
Eckerö
52%
Hattula
52%
Ikaalinen
52%
Pyhäjärvi
52%
Saarijärvi
51%
Aura
51%
Uusikaarlepyy
51%
Puolanka
51%
Eurajoki
51%
Kurikka
51%
Liminka
51%
Nakkila
51%
Laukaa
51%
Taivalkoski
50%
Muurame
50%
Parikkala
50%
Outokumpu
50%
Ilmajoki
50%
Merikarvia
50%
Janakkala
50%
Viitasaari
50%
Tervola
50%
Liperi
49%
Siikajoki
49%
Pelkosenniemi
49%
Kaustinen
49%
Siuntio
49%
Mustasaari
49%
Heinävesi
49%
Pyhäjoki
49%
Virolahti
49%
Pyhtää
49%
Vaala
49%
Pornainen
49%
Askola
49%
Iitti
49%
Lieto
49%
Huittinen
49%
Kankaanpää
49%
Laihia
48%
Ulvila
48%
Vimpeli
48%
Masku
48%
Mänttä-Vilppula
48%
Puumala
47%
Joutsa
47%
Loppi
47%
Juuka
47%
Paltamo
47%
Hämeenkyrö
47%
Lemi
46%
Luumäki
46%
Miehikkälä
46%
Sievi
46%
Hyrynsalmi
46%
Lapinlahti
46%
Nivala
46%
Kuortane
46%
Humppila
45%
Kyyjärvi
45%
Jokioinen
45%
Urjala
45%
Laitila
45%
Lumijoki
45%
Veteli
45%
Sysmä
45%
Somero
45%
Lappajärvi
45%
Ruovesi
45%
Kannus
45%
Kemiönsaari
45%
Kiuruvesi
44%
Kontiolahti
44%
Mäntyharju
44%
Siikalatva
44%
Säkylä
44%
Ypäjä
44%
Joroinen
44%
Karvia
44%
Tohmajärvi
44%
Myrskylä
44%
Isojoki
44%
Mynämäki
44%
Pomarkku
43%
Paimio
43%
Kokemäki
43%
Uurainen
43%
Lapinjärvi
43%
Kuhmoinen
43%
Padasjoki
43%
Juupajoki
43%
Harjavalta
43%
Isokyrö
43%
Karstula
43%
Kaskinen
43%
Ristijärvi
43%
Pyhäntä
43%
Savitaipale
43%
Tammela
43%
Keitele
43%
Tyrnävä
42%
Kihniö
42%
Evijärvi
42%
Soini
42%
Rautavaara
42%
Hartola
42%
Hirvensalmi
42%
Pielavesi
42%
Rautalampi
42%
Hankasalmi
42%
Kärsämäki
42%
Vöyri
41%
Teuva
41%
Enonkoski
41%
Leppävirta
41%
Maalahti
41%
Taipalsaari
41%
Pukkila
41%
Reisjärvi
41%
Ruokolahti
41%
Oripää
41%
Kustavi
40%
Koski Tl
40%
Brändö
40%
Vesilahti
40%
Konnevesi
40%
Perho
40%
Pedersören kunta
40%
Rääkkylä
40%
Pälkäne
40%
Sulkava
40%
Kivijärvi
40%
Jomala
40%
Geta
40%
Hausjärvi
40%
Vieremä
40%
Multia
39%
Pertunmaa
39%
Kangasniemi
39%
Rautjärvi
39%
Jämijärvi
39%
Luoto
39%
Kruunupyy
39%
Polvijärvi
39%
Merijärvi
39%
Utajärvi
39%
Nousiainen
39%
Sonkajärvi
39%
Siikainen
39%
Halsua
39%
Sottunga
38%
Vehmaa
38%
Toholampi
38%
Punkalaidun
38%
Kinnula
38%
Luhanka
38%
Sauvo
37%
Pöytyä
37%
Kaavi
37%
Korsnäs
37%
Lestijärvi
37%
Rantasalmi
37%
Toivakka
37%
Karijoki
36%
Sund
36%
Taivassalo
36%
Vesanto
36%
Lemland
36%
Kökar
36%
Hammarland
36%
Rusko
36%
Föglö
35%
Kannonkoski
35%
Pyhäranta
35%
Marttila
35%
Tuusniemi
35%
Lumparland
35%
Vårdö
34%
Kumlinge
34%
Petäjävesi
34%
Kärkölä
34%
Saltvik
34%
Finström
34%

Tulosjakauma

Persentiili vastausten määrän mukaan

Jokaisen tuloksen saaneiden osuus

Tuloshistoriasi

Et ole pelannut tätä visaa sen viimeisimmän päivityksen jälkeen